Tous les clubs ayant participé à la Ligue Europa ! - Statistiques

Statistiques générales
  • Ce quiz a été pris 116 fois
    115 depuis la dernière actualisation
  • Le résultat moyen est 120 sur 241
Statistiques - réponses
Pays Club % Correct
Italie AS Rome 9
92%
Italie Inter Milan 4
89%
France Olympique Lyonnais 7
89%
Italie AC Milan 5
88%
Pays-Bas Ajax Amsterdam 12
88%
Allemagne Borussia Dortmund 4
88%
Italie Lazio Rome 12
88%
Angleterre Manchester United 7
88%
France Olympique de Marseille 7
88%
Angleterre Arsenal 5
87%
Angleterre Chelsea 2
87%
Croatie Dinamo Zagreb 10
87%
Italie Juventus 3
87%
France LOSC 5
87%
France Paris Saint-Germain 2
87%
France Stade Rennais 6
87%
Ecosse Celtic Glasgow 10
85%
Angleterre Liverpool 6
85%
Angleterre Manchester City 2
85%
France OGC Nice 5
85%
Angleterre Tottenham 8
85%
Italie Napoli 9
84%
Portugal SL Benfica 8
84%
Danemark FC Copenhague 9
83%
Portugal FC Porto 7
83%
Pays-Bas Feyenoord Rotterdam 4
83%
France Girondins de Bordeaux 4
83%
France AS Monaco 2
81%
Roumanie CSA Steaua Bucarest, FCSB 9
81%
Ukraine Dynamo Kiev 10
81%
Espagne FC Séville 9
81%
Pays-Bas PSV Eindhoven 10
81%
Portugal Sporting CP 11
81%
Angleterre Aston Villa 1
80%
France FC Nantes 1
80%
Ecosse Rangers 7
80%
Espagne FC Barcelone 2
79%
France RC Lens 1
79%
Grèce AEK Athènes 9
77%
Chypre APOEL Nicosie 4
77%
Italie Atalanta Bergame 2
77%
Allemagne Bayer Leverkusen 8
77%
Belgique Club Bruges 8
77%
Pologne Legia Varsovie 6
77%
Grèce Olympiakos 14
77%
Espagne Atletico Madrid 5
76%
Suède Malmö 6
76%
Portugal SC Braga 12
76%
Belgique Anderlecht 8
75%
France AS Saint-Etienne 3
75%
Allemagne FC Schalke 04 3
75%
Turquie Galatasaray 6
75%
Azerbaïdjan Qarabag 9
75%
Autriche Red Bull Salzbourg 11
75%
France Toulouse 3
75%
Espagne Valence 5
75%
Italie ACF Fiorentina 6
73%
Norvège Bodø/Glimt 2
73%
Autriche Rapid Vienne 9
73%
Espagne Athletic Club 8
72%
Serbie Etoile rouge de Belgrade 5
72%
Espagne Real Betis 6
72%
Suisse Young Boys Berne 9
72%
Turquie Besiktas 8
71%
Kazakhstan FC Astana 4
71%
Finlande HJK 2
71%
Espagne Real Sociedad 5
71%
Suisse FC Bâle 6
69%
Angleterre Leicester City 2
69%
Italie Parme 2
69%
Tchéquie Sparta Prague 8
69%
Angleterre West Ham 2
69%
Italie Bologne 1
68%
Russie CSKA Moscou 4
68%
Allemagne FC Union Berlin 1
68%
Turquie Fenerbahce 9
68%
Angleterre Nottingham Forest 1
68%
Slovaquie Slovan Bratislava 3
68%
Espagne Villarreal 8
68%
France En Avant Guingamp 1
67%
Israël Maccabi Tel-Aviv 6
67%
Autriche Austria Vienne 4
65%
Allemagne Eintracht Francfort 5
65%
Angleterre Everton 3
65%
Allemagne Hambourg 1
65%
Grèce Panathinaikos 6
65%
Ukraine Shakthar Donetsk 8
65%
Tchéquie Slavia Prague 8
65%
Allemagne FC Cologne 1
64%
Belgique KRC Genk 5
64%
Angleterre Newcastle 1
64%
Grèce PAOK Salonique 10
64%
Serbie Partizan Belgrade 6
64%
Allemagne RB Leipzig 3
64%
Lettonie RFS 1
64%
Belgique Standard de Liège 8
64%
Allemagne VfL Wolfsburg 3
64%
Suisse FC Zurich 5
63%
Bulgarie Ludogorets Razgrad 10
63%
Italie Torino 1
63%
Allemagne Werder Brême 1
63%
Russie Zénith Saint-Pétersbourg 4
63%
Croatie Hadjuk Split 2
61%
Belgique La Gantoise 5
61%
Israël Maccabi Haïfa 4
61%
Pays-Bas AZ Alkmaar 8
60%
Espagne Celta Vigo 2
60%
Allemagne VfB Stuttgart 3
60%
Biélorussie Dinamo Minsk 2
59%
Moldavie Sheriff Tiraspol 7
59%
Belgique Union Saint-Gilloise 3
59%
Allemagne Borussia Monchengladbach 4
57%
Pays-Bas FC Twente 5
57%
Belgique Royal Antwerp 1
57%
Italie Genoa 1
56%
Allemagne SC Fribourg 4
56%
Italie Palerme 3
55%
Norvège Rosenborg 6
55%
Italie Sampdoria 3
55%
Tchéquie Viktoria Plzen 8
55%
Hongrie Ferencvaros 5
53%
Autriche Sturm Graz 6
53%
Russie Lokomotiv Moscou 3
52%
Allemagne Hertha Berlin 2
51%
Biélorussie BATE Borisov 5
49%
Allemagne FSV Mayence 05 1
49%
Turquie Trabzonspor 5
49%
Allemagne TSG Hoffenheim 3
49%
Italie Udinese 4
49%
Roumanie CFR Cluj 4
48%
Espagne Espanyol Barcelone 1
48%
Russie Spartak Moscou 4
48%
Russie FK Krasnodar 6
47%
Angleterre Fulham 2
47%
Suisse Servette FC 1
47%
Angleterre Wolverhampton 1
47%
Angleterre Brighton 1
45%
Turquie Istanbul Başakşehir 1
45%
Pologne Lech Poznań 3
45%
Autriche LASK Linz 3
44%
Norvège Molde FK 4
44%
Italie US Sassuolo 1
44%
Suisse FC Sion 1
43%
Espagne Getafe 2
43%
Irlande Shamrock Rovers 2
43%
Luxembourg F91 Dudelange 2
41%
Pays-Bas FC Utrecht 2
41%
Portugal Vitória de Guimarães 4
41%
Bulgarie CSKA Sofia 2
40%
Russie Dynamo Moscou 1
40%
Allemagne FC Augsbourg 1
40%
Israël Hapoël Tel-Aviv 3
40%
Danemark FC Midtjylland 5
39%
Macédoine du Nord FK Vardar Skopje 1
39%
Allemagne Hannovre 96 2
39%
Chypre Apollon Limassol 4
37%
Suisse Lausanne-Sport 1
37%
Angleterre Southampton 1
37%
Pays-Bas Vitesse Arnhem 1
37%
Pologne Wisla Cracovie 1
37%
Espagne Grenade 1
36%
Espagne Levante 1
36%
Suède AIK 1
35%
Suisse FC Thoune 1
35%
Russie FK Rostov 1
35%
Slovénie NK Maribor 3
35%
Russie Rubin Kazan 6
35%
Angleterre Swansea 1
35%
Danemark Brondby 1
33%
Croatie HNK Rijeka 2
33%
Angleterre Birmingham City 1
31%
Pays-Bas Go Ahead Eagles 1
29%
Bulgarie Levski Sofia 2
29%
Angleterre Stoke City 1
29%
Danemark Aalborg 1
28%
Hongrie Debreceni 1
27%
Azerbaïdjan Neftchi Bakou 1
27%
Ukraine Dnipro Dnipropetrovsk 4
25%
Suisse FC Saint-Gall 1
25%
Ukraine Metalist Kharkiv 4
25%
Angleterre Wigan Athletic 1
25%
Autriche Wolfsberger 2
25%
Chypre AEK Larnaca 3
24%
Pays-Bas FC Groningen 1
24%
Suisse FC Lugano 2
24%
Portugal GD Estoril 2
24%
Israël Hapoël Be'er Sheva 3
24%
Portugal Rio Ave 1
24%
Pays-Bas Heerenveen 2
23%
Chypre Omonia Nicosie 2
23%
Portugal CS Marítimo 1
21%
Roumanie Dinamo Bucarest 1
21%
Danemark Odense 2
21%
Turquie Sivasspor 1
21%
Grèce Aris Thessalonique 1
20%
Portugal Os Belenenses 1
20%
Norvège SK Brann 1
20%
Tchéquie Slovan Liberec 4
20%
Norvège Tromsø 1
20%
Ukraine Karpaty Lviv 1
19%
Roumanie Unirea Urziceni 1
19%
Portugal CD Nacional 1
17%
Suède Helsingborgs 1
17%
Belgique Zulte Waregem 2
17%
Ukraine Chornomorets Odessa 1
16%
Irlande Dundalk FC 1
16%
Azerbaïdjan FK Qabala 2
16%
Israël Hapoël Ironi Kiryat Shmona 1
16%
Portugal Paços de Ferreira 1
16%
Pologne Raków Częstochowa 1
16%
Chypre AEL Limassol 2
13%
Russie Anji Makhatchkala 2
13%
Suède IF Elfsborg 2
13%
Albanie KF Skënderbeu Korçë 2
13%
Kazakhstan FC Shakhter Qaragandy 1
12%
Belgique KSC Lokeren 1
12%
Roumanie Rapid Bucarest 1
12%
Italie US Livourne 1
12%
Portugal Academica de Coimbra 1
11%
Suède BK Häcken 1
11%
Suède IFK Östersund 1
11%
Serbie TSC Bačka Topola 1
11%
Danemark Esbjerg 1
9%
Ukraine FK Oleksandria 1
9%
Lettonie FK Ventspils 1
8%
Turquie Konyaspor 2
8%
Turquie Osmanlispor 1
8%
Ukraine Zorya Louhansk 3
8%
Grèce Astéras Trípolis 2
7%
Roumanie Astra Giurgiu 2
7%
Hongrie Fehérvár FC 2
7%
Tchéquie FK Jablonec 1
7%
Russie Kouban Krasnodar 1
7%
Slovaquie Spartak Trnava 1
7%
Ukraine Vorskla Poltava 2
7%
Tchéquie FC Zlín 1
4%
Roumanie Politehnica Timișoara 1
3%
Turquie Akhisarspor 1
1%
Roumanie FC Vaslui 1
1%
Norvège Sarpsborg 08 1
1%
Roumanie Pandurii Târgu Jiu 1
0%
Aucun quiz correspondant
Distribution des résultats
% des personnes avec chaque résultat
Percentile par nombre de réponses
Votre historique - résultats
Vous n’avez pas pris ce quiz depuis la dernière actualisation